000 00505nam a2200169Ia 4500
005 20241129001933.0
008 240331s9999 xx 000 0 und d
020 _a818670650X
082 _bOTH
_a891
245 4 _aThe other half of the coconut :
_bWomen Writing Self-Respect history-An anthology of Self-Respect Literature(1928-1936)
260 _aNew Delhi
_bKali for Women
_c2003
300 _aXix, 198 p .,
650 _aSelf Respects
650 _aWomen
700 _aSrilata, K.
_eedt
942 _cL
999 _c3374
_d3374